Представление документа в формате MARC21

ПолеНазваниеЗначение
  Тип записи a
  Библиографический уровень m
001 Контрольный номер RU/URAIT/544783
003 Принадлежность контрольного номера https://urait.ru/bcode/544783
005 Дата корректировки 20240827112706.8
008 Кодируемые данные
020 Индекс ISBN __
a ISBN 978-5-534-15600-3
c Цена, тираж 409.00
040 Источник каталогиз. __
a Служба первич. каталог. ИКО Юрайт
b Код языка каталог. rus
c Служба, преобразующая запись ИКО Юрайт
041 Код языка издания 0_
a Код языка текста rus
044 Код страны публикации __
a Код страны публикации RU
073 _1
a 9785534156003
d 409.00
080 Индекс УДК __
a Индекс УДК 82.0(075.8)
084 Индекс другой классификации/Индекс ББК __
a Индекс другой классификации/Индекс ББК 83я73
2 Источник индекса rubbk
091 Индексы/ коды __
a Индекс ББК (DOS) 83я73
z rubbk
100 Автор 1_
a Автор Шафранская Э. Ф.
q Полное имя Элеонора Федоровна
230 __
a Электрон. дан.
245 Заглавие 00
a Заглавие Локальные тексты в русской литературе
b Продолж. заглавия учебное пособие
c Ответственность Э. Ф. Шафранская, Г. Т. Гарипова.
260 Выходные данные 1_
a Место издания Москва
b Издательство Юрайт
c Дата издания 2024
300 Физическое описание __
a Объем 109 с
440 Серия _0
a Серия Высшее образование
500 Примечания __
a Примечание URL: https://urait.ru/bcode/544783 (дата обращения: 27.08.2024).
520 Аннотация __
a Аннотация В курсе предложен алгоритм аналитической работы с феноменом культуры и литературы локальным текстом. Курс содержит вопросы и задания в контексте расширительного понимания локальных текстов, а также предложены темы для научно-исследовательских работ и список научной литературы. Для студентов высших учебных заведений, обучающихся по гуманитарным направлениям, и аспирантов.
538 Прим. о системных особенностях __
a Прим. о системных особенностях Режим доступа: Электронно-библиотечная система Юрайт, для авториз. пользователей
653 Ключевые слова 2_
a Ключевые слова Филология и литературоведение
653 Ключевые слова 2_
a Ключевые слова Языки и литература
653 Ключевые слова 2_
a Ключевые слова Актуальные проблемы изучения русской литературы
653 Ключевые слова 2_
a Ключевые слова Аспекты изучения современной литературы
653 Ключевые слова 2_
a Ключевые слова Проблемы изучения истории русской литературы
653 Ключевые слова 2_
a Ключевые слова Локальный текст как объект литературоведческого исследования
653 Ключевые слова 2_
a Ключевые слова Русская литература в современном социокультурном контексте
653 Ключевые слова 2_
a Ключевые слова Локальные тексты русской культуры как источник социокультурной информации при изучении истории в школе
700 Другие авторы 1_
a Другие авторы Гарипова Г. Т.
q Полное имя Гульчира Талгатовна
856 Электронный адрес документа 40
n Местонахождение сервера Юрайт
g Электронная книга
q Тип электронного формата html
h Имя пользователя ЮРАЙТ
v Часы доступа к ресурсу 20251231
2 Способ доступа Показать документ
x Служебное примечание https://urait.ru/book/cover/BB1B96C6-261D-4AA8-8225-F97865731990
u URL https://urait.ru/bcode/544783
856 Электронный адрес документа 41
q Тип электронного формата cover
u URL https://urait.ru/book/cover/BB1B96C6-261D-4AA8-8225-F97865731990